000 00813nas a2200265 4500
001 BR9201720
003 BR-BrBNA
005 20231205092436.0
007 ta
008 230509b bl.|||p| |||| 00| 00por d
040 _aBR-BrBNA
_bpor
_cBiblioteca Nacional de Agricultura
041 _a(Pt)
072 _aF03
100 1 _aAlmeida, E.C. de
100 1 _aPinheiro, A.L.
100 1 _aLanza, T.C.L.
245 1 _aGerminacao da semente de Moghania rhodocarpa (Bak.)Hauman
246 1 _aGermination of seeds of Moghania rhodocarpa (Bak.)Hauman)
650 _aLEGUMINOSA FORRAGEIRA
650 _aSEMENTE
650 _aGERMINACAO
773 0 _tRevista Ceres (Brazil)
_xISSN 0034-737X
_g(Nov-Dec 1990), v. 37(214) p. 482-488
_wBR9201720
909 _a202311
_bLúcia
_c55
_dLúcia Elande
942 _2AGRIS
_n0
_cANA
999 _c131731
_d131731